Consideraciones en torno al concepto de extensión de la cultura y de los servicios (Record no. 64839)
[ view plain ]
| 000 -CABECERA | |
|---|---|
| campo de control de longitud fija | 00589nam a2200193 a 4500 |
| 005 - FECHA Y HORA DE LA ÚLTIMA TRANSACCIÓN | |
| campo de control | 20210223123819.0 |
| 008 - ELEMENTOS DE LONGITUD FIJA--INFORMACIÓN GENERAL | |
| campo de control de longitud fija | 991125n 000 0 spa u |
| 035 ## - NÚMERO DE CONTROL DEL SISTEMA | |
| Número de control de sistema | UPN01000069150 |
| 100 ## - ASIENTO PRINCIPAL--NOMBRE PERSONAL | |
| Nombre de persona | ANGELES GUTIÉRREZ, Ofelia |
| 9 (RLIN) | 38103 |
| 222 ## - TÍTULO CLAVE | |
| Título clave | REVISTA DE LA EDUCACION SUPERIOR |
| 245 ## - MENCIÓN DE TÍTULO | |
| Título | Consideraciones en torno al concepto de extensión de la cultura y de los servicios |
| 300 ## - DESCRIPCIÓN FÍSICA | |
| Extensión | 53-70 |
| 362 ## - FECHAS DE PUBLICACIÓN Y/O DESIGNACIÓN SECUENCIAL | |
| Fecha de publicación y/o designación secuencial | 1992 Vol. 21, no. 1(81) (ene.-mar.) |
| 653 0# - TERMINO DE INDIZACION - NO CONTROLADO | |
| Término no controlado | DIFUSION CULTURAL |
| 653 0# - TERMINO DE INDIZACION - NO CONTROLADO | |
| Término no controlado | EXTENSION UNIVERSITARIA |
| 653 0# - TERMINO DE INDIZACION - NO CONTROLADO | |
| Término no controlado | UDUAL |
| 904 ## - ELEMENTOS DE DATOS D LOCAL, LDD (RLIN) | |
| a | AC |
| b | 006961 |
| 905 ## - TIPO DE MATERIAL | |
| Tipo de material | Articulo |
No items available.
